Normal view
MARC view
Entry Topical Term
001 - CONTROL NUMBER
- control field: 26774
003 - CONTROL NUMBER IDENTIFIER
- control field: Doon University
005 - DATE AND TIME OF LATEST TRANSACTION
- control field: 20260511120955.0
008 - FIXED-LENGTH DATA ELEMENTS
- fixed length control field: 260511|| aca||aabn | a|a d
040 ## - CATALOGING SOURCE
- Original cataloging agency: Doon University
- Transcribing agency: Doon University
150 ## - HEADING--TOPICAL TERM
- Topical term or geographic name entry element: Economics (PM USHA)
670 ## - SOURCE DATA FOUND
- Source citation: Work cat.: (Doon University)60753: Abercrombie, David 22466, Elements of General Phonetics, 2000